Obálka Náhled e-knihy:
PDF
Pro půjčování e-knih musíte být přihlášeni.
Jak si půjčit online?

Tlapková patrola. Neohrožená záchrana /

Dva krátké příběhy neohrožených tlapek uzpůsobené začínajícím čtenářům.

Uloženo v:
Série:Tlapková patrola, část
Další autoři: Olivová, Jana (Překladatel)
Médium: E-kniha
Jazyk:Czech
Vydáno: V Praze : Egmont, 2023
Vydání:1. vydání
Edice:Paw Patrol (Egmont)
Začínáme číst (Egmont)
Témata:
Příbuzné jednotky:Z cyklu:: Tlapková patrola
Tagy:
Žádné tagy
LEADER 02253nam a2200541 i 4500
001 312217
003 CZ PrSKC
005 20260601215718.0
007 ta
008 231020s2023 xr a a 000 j cze
015 |a cnb003556503 
020 |a 9788025256343  |q (vázáno) :  |c Kč 229,00 
035 |a (OCoLC)1412784212 
040 |a ABG001  |b cze  |e rda 
041 1 |a cze  |h eng 
072 7 |a 821-93  |x Literatura pro děti a mládež (beletrie)  |2 Konspekt 
080 |a 821-32  |2 MRF 
080 |a 821-93  |2 MRF 
080 |a (0:82-32)  |2 MRF 
130 0 |a Up in the air and under the waves.  |l Česky 
245 1 0 |a Tlapková patrola.  |p Neohrožená záchrana /  |c z anglického originálu ... přeložila Jana Olivová 
246 3 0 |a Neohrožená záchrana 
250 |a 1. vydání 
264 1 |a V Praze :  |b Egmont,  |c 2023 
300 |a 48 stran :  |b barevné ilustrace ;  |c 24 cm 
336 |a text  |b txt  |2 rdacontent 
336 |a statický obraz  |b sti  |2 rdacontent 
337 |a bez média  |b n  |2 rdamedia 
338 |a svazek  |b nc  |2 rdacarrier 
490 1 |a Paw Patrol 
490 1 |a Začínáme číst 
500 |a Nad názvem uvedeno původní nakladatelství: Nickelodeon 
520 2 |a Dva krátké příběhy neohrožených tlapek uzpůsobené začínajícím čtenářům.  |b Tlapky svedou boj s obří chobotnicí a pomohou zachránit pilotku Ace, které se porouchalo letadlo. 
521 8 |a Pro děti od 6 let 
655 7 |a příběhy  |7 fd133204  |2 czenas 
655 7 |a publikace pro děti  |7 fd133156  |2 czenas 
655 9 |a stories  |2 eczenas 
655 9 |a children's literature  |2 eczenas 
700 1 |a Olivová, Jana  |7 ola20201069150  |4 trl 
787 0 8 |i Z cyklu:  |t Tlapková patrola 
830 0 |a Paw Patrol (Egmont) 
830 0 |a Začínáme číst (Egmont) 
900 |a ABA001  |b 21 
928 9 |a Albatros Media - Egmont 
044 |a xr 
910 |a RBIT002 
998 |d 393942  |a https://core.palmknihy.cz/api/books/393942/cover?si5ajf  |b https://core.palmknihy.cz/api/books/393942/cover/400?si5ajf  |c https://core.palmknihy.cz/api/books/393942/cover/50?si5ajf  |e 2026-06-30  |g 48  |i 9788025256343  |k https://core.palmknihy.cz/api/books/393942/preview.pdf  |l   |q 49  |r 1  |s https://www.palmknihy.cz/kniha/393942  |t ebook  |y 2023  |z 0  |v Tlapková patrola  |w 0 
999 |d 312215